000 00314nam a22001337a 4500
999 _c13878
_d13878
020 _a313141782-X
082 _a612.015
100 _aJ. Koolman & K. H. Roehm
245 _aColor Atlas of Biochemistry
250 _aInternational Edition
260 _aNew York
_bThieme
_c2006
300 _a467 pages
942 _cBK